00615nam a2200169 a 450000100060000000300090000600800410001502000150005604000280007108200190009910000420011824500290016026000230018930000100021250501850022265000380040722779CO-ViMGA141112s2004 ck r 000 u spa d a9589603931 aCO-ViMGAbspacCO-ViMGA04a342.0854 M177d1 aMartínez Ceballos, Guillermo José10aEl derecho de petición aColombia : bLeyer a264p. aDerecho de peticion, El actual derecho de peticion, Derecho fundamental de peticion contra particulares, Derecho comparado, El derecho de peticion en otras constituciones del mundo14aDERECHO DE PETICION - LEGISLACION